A history of computing technology
Αποθηκεύτηκε σε:
| Κύριος συγγραφέας: | |
|---|---|
| Μορφή: | Βιβλίο |
| Γλώσσα: | English |
| Δημοσίευση: |
Los Alamitos, Calif :
IEEE Computer Society Press,
c1997
|
| Έκδοση: | 2nd ed. |
| Θέματα: | |
| Ετικέτες: |
Προσθήκη ετικέτας
Δεν υπάρχουν, Καταχωρήστε ετικέτα πρώτοι!
|
MARC
| LEADER | 00000nam a2200000 i 4500 | ||
|---|---|---|---|
| 001 | 1/20666 | ||
| 008 | 010809s1997 eng d | ||
| 020 | |a 0-8186-7739-2 | ||
| 035 | |l 10067166 | ||
| 040 | |a GR-MY-UA |b gre |e aacr | ||
| 041 | 0 | |a eng | |
| 082 | 0 | |a 681.14509 | |
| 100 | 1 | |a Williams, Michael Roy |d 1942- | |
| 245 | 1 | 2 | |a A history of computing technology / |c Michael R. Williams |
| 250 | |a 2nd ed. | ||
| 260 | |a Los Alamitos, Calif : |b IEEE Computer Society Press, |c c1997 | ||
| 300 | |a xi, 426 p.; |b ill.; |c 26 cm. | ||
| 504 | |a Includes bibliographical references and index | ||
| 650 | 0 | 0 | |a Computers |x History. |
| 650 | 0 | 0 | |a Electronic data processing |x History. |
| 852 | |a INST |b SAMOS |e 20010809 |h 681.14509 WIL |p 005300020536 |q 005300020536 |t BK |y 0 | ||
| 852 | |a INST |b SAMOS |e 20010809 |h 681.14509 WIL |p 005300020537 |q 005300020537 |t BK |y 0 | ||
| 852 | |a INST |b SAMOS |e 20010809 |h 681.14509 WIL |p 005300020538 |q 005300020538 |t BK |y 0 | ||
| 852 | |a INST |b SAMOS |e 20010809 |h 681.14509 WIL |p 005300020539 |q 005300020539 |t BK |y 23 | ||
| 901 | |a BIBL3-2001-2 | ||
| 909 | |a Σ |b 087165 | ||
| 909 | |a Σ |b 087166 | ||
| 909 | |a Σ |b 087167 | ||
| 909 | |a Σ |b 087168 | ||
| 922 | |a 3ΕΛΗ |b 200008 |c ΤΠΕΣ/ΠΟΛ-2 |d LEADER | ||
| 970 | |a ΜΑΛΑΓΑΡΗ |b ΦΩΤΕΙΝΗ |z 2001/08/09 | ||